BEDSIDE CLINICS IN MEDICINE PART-1 (Record no. 23746)

MARC details
000 -LEADER
fixed length control field 00436nam a22001697a 4500
003 - CONTROL NUMBER IDENTIFIER
control field SGT
020 ## - INTERNATIONAL STANDARD BOOK NUMBER
International Standard Book Number 9788190635592
082 ## - DEWEY DECIMAL CLASSIFICATION NUMBER
Classification number 616.024
Item number B21K
100 ## - MAIN ENTRY--PERSONAL NAME
Personal name KUNDU, ARUP KUMAR
245 ## - TITLE STATEMENT
Title BEDSIDE CLINICS IN MEDICINE PART-1
250 ## - EDITION STATEMENT
Edition statement 8TH
260 ## - PUBLICATION, DISTRIBUTION, ETC. (IMPRINT)
Place of publication, distribution, etc INDIA
Name of publisher, distributor, etc KSP UDYOG
Year of Publication 2021
300 ## - PAGE DESCRIPTION
No. of Pages 580
650 ## - SUBJECT ADDED ENTRY--TOPICAL TERM
Topical term or geographic name as entry element GENERAL MEDICINE
653 ## - KEYWORDS--INDEX TERM
Keyword term CARDIOVASCULAR SESTEM, RESPIRATIRY SYSTEM , NERVOUS SESTEM
942 ## - ADDED ENTRY ELEMENTS (KOHA)
Source of classification or shelving scheme Dewey Decimal Classification
Koha item type Books
942 ## - ADDED ENTRY ELEMENTS (KOHA)
-- 39
Holdings
Withdrawn status Lost status Source of classification or shelving scheme Damaged status Not for loan Collection code Home library Current library Shelving location Date acquired Vendor Name Cost, normal purchase price Volume Information (Serial or Books or Non-Book Material) SGTU Bill Number Total Checkouts Full call number Accession No. (Barcode) Date last seen Date last borrowed Bill Date Koha item type Total Renewals
    Dewey Decimal Classification     MEDICAL SGT Medical Library SGT Medical Library Text Book 30/01/2023 ABC DELHI 725.00 PART-1 SGTU 15633 7 616.024 B21K FM13531 13/02/2026 30/01/2026 02/01/2023 Books  
    Dewey Decimal Classification   Not For Loan MEDICAL SGT Medical Library SGT Medical Library Text Book 30/01/2023 ABC DELHI 725.00 PART-1 SGTU 15633   616.024 B21K FM13532 30/01/2023   02/01/2023 Books  
    Dewey Decimal Classification     MEDICAL SGT Medical Library SGT Medical Library Text Book 30/01/2023 ABC DELHI 725.00 PART-1 SGTU 15633 9 616.024 B21K FM13533 27/06/2025 13/06/2025 02/01/2023 Books  
    Dewey Decimal Classification     MEDICAL SGT Medical Library SGT Medical Library Text Book 30/01/2023 ABC DELHI 725.00 PART-1 SGTU 15633   616.024 B21K FM13534 30/01/2023   02/01/2023 Books  
    Dewey Decimal Classification     MEDICAL SGT Medical Library SGT Medical Library Text Book 30/01/2023 ABC DELHI 725.00 PART-1 SGTU 15633 14 616.024 B21K FM13535 21/04/2026 30/03/2026 02/01/2023 Books  
    Dewey Decimal Classification     MEDICAL SGT Medical Library SGT Medical Library Text Book 30/01/2023 ABC DELHI 725.00 PART-1 SGTU 15633 3 616.024 B21K FM13536 14/06/2023 10/06/2023 02/01/2023 Books 1
    Dewey Decimal Classification     MEDICAL SGT Medical Library SGT Medical Library Text Book 30/01/2023 ABC DELHI 725.00 PART-1 SGTU 15633 9 616.024 B21K FM13537 18/06/2024 05/06/2024 02/01/2023 Books  
    Dewey Decimal Classification     MEDICAL SGT Medical Library SGT Medical Library Text Book 30/01/2023 ABC DELHI 725.00 PART-1 SGTU 15633 8 616.024 B21K FM13538 14/07/2025 01/07/2025 02/01/2023 Books 1
    Dewey Decimal Classification     MEDICAL SGT Medical Library SGT Medical Library Text Book 30/01/2023 ABC DELHI 725.00 PART-1 SGTU 15633 2 616.024 B21K FM13539 10/02/2026 06/02/2026 02/01/2023 Books  
    Dewey Decimal Classification     MEDICAL SGT Medical Library SGT Medical Library Text Book 30/01/2023 ABC DELHI 725.00 PART-1 SGTU 15633 6 616.024 B21K FM13540 18/06/2025 04/06/2025 02/01/2023 Books